[Event "TUR Cup"]
[Site "Denizli"]
[Date "2023.07.19"]
[Round "5"]
[White "Adsiz, Melik Baver"]
[Black "Saglam, Bunyamin"]
[Result "1-0"]
[WhiteElo "1628"]
[BlackElo "1362"]
[PlyCount "69"]
[EventDate "2023.07.16"]
[EventType "team-tourn"]
[EventRounds "9"]
[EventCountry "TUR"]
[SourceTitle "CBM 215 Extra"]
[Source "ChessBase"]
[SourceDate "2023.09.30"]
[SourceVersion "1"]
[SourceVersionDate "2023.09.30"]
[SourceQuality "1"]

1. e4 d5 2. exd5 Qxd5 3. Nc3 Qa5 4. Nf3 c6 5. d4 Bg4 6. Bc4 Nf6 7. Qd3 Bxf3 8. Qxf3 Nbd7 9. 0-0 e6 10. Bf4 Qb4 11. Qd3 Be7 12. a3 Qa5 13. Rfe1 0-0 14. b4 Qh5 15. Re3 Rfe8 16. Rh3 Qg6 17. Qe2 Nd5 18. Nxd5 cxd5 19. Bd3 f5 20. Re1 Bf6 21. Bb5 Qf7 22. Re3 a6 23. Bd3 Nf8 24. c3 g6 25. a4 Rac8 26. Bc2 Rc4 27. Bb3 Rc6 28. Bxd5 g5 29. Bxc6 bxc6 30. Bd6 f4 31. Rh3 Be7 32. Bxe7 Qxe7 33. Qxa6 Qd6 34. Qa5 e5 35. Rxe5 1-0

[Event "TUR-chT 2nd League"]
[Site "Konya"]
[Date "2017.07.23"]
[Round "9.7"]
[White "Aliustaoglu, Samet"]
[Black "Saglam, Bunyamin"]
[Result "1-0"]
[WhiteElo "1654"]
[BlackElo "1559"]
[PlyCount "41"]
[EventDate "2017.07.17"]
[EventType "team-swiss"]
[EventRounds "9"]
[EventCountry "TUR"]
[SourceTitle "EXT 2018"]
[Source "ChessBase"]
[SourceDate "2017.10.13"]
[SourceVersion "1"]
[SourceVersionDate "2017.10.13"]
[SourceQuality "1"]
[WhiteTeam "Corum Belediye"]
[BlackTeam "Kahramanmaras DSI "]
[WhiteTeamCountry "TUR"]
[BlackTeamCountry "TUR"]

1. e4 g6 2. d4 Bg7 3. Nc3 Nc6 4. Nf3 e6 5. d5 Nce7 6. Bc4 a6 7. 0-0 e5 8. d6 b5 9. dxe7 Qxe7 10. Nd5 Qd6 11. Bb3 h6 12. Qe2 Bb7 13. Rd1 Rc8 14. a4 Bc6 15. Nb6 Qxd1+ 16. Qxd1 cxb6 17. axb5 axb5 18. Qd6 f6 19. Nxe5 Bf8 20. Bf7+ Kd8 21. Nxc6+ 1-0